000
00266nam a2200109Ia 4500
008
170627s9999 xx 000 0 und d
100
_a
ROBBINS- STEPHEN P.
245
0
_a
ORGANIZATIONAL BEHAVIOUR
260
_b
PEARSON
260
_c
2005
546
_a
ENGLISH
690
_a
ORGANIZATIONAL BEHAVIOUR
999
_c
35373
_d
35373